Гагаи: роман; в 2 т.; Т. 1

Bibliografiset tiedot
Päätekijä: Чепижный А. К. Александр Кузьмич
Muut tekijät: Волынский К. П. (автор предисловия)
Kieli:venäjä
Julkaistu: Киев, Днiпро, 1989
Painos:Переизд.
Aiheet:
Aineistotyyppi: MixedMaterials Kirja
KOHA link:https://koha.lib.tpu.ru/cgi-bin/koha/opac-detail.pl?biblionumber=151848

MARC

LEADER 00000nam0a2200000 4500
001 151848
005 20231031150839.0
010 |a 5308004161 
010 |a 5-308-00414-5 
020 |a RU  |b 89-7054 
035 |a (RuTPU)RU\TPU\book\164640 
090 |a 151848 
100 |a 20090128g1989 m y0rusy5003 ca 
101 0 |a rus 
102 |a UA 
105 |a a z 000ay 
200 1 |a Гагаи  |e роман  |e в 2 т.  |h Т. 1  |f А. К. Чепижный  |g авт. предисл. К. П. Волынский 
205 |a Переизд. 
210 |a Киев  |c Днiпро  |d 1989 
215 |d 21 см  |a 764 с.  |c ил. 
610 1 |a колхозы 
610 1 |a фашистская оккупация 
610 1 |a советская литература 
610 1 |a романы 
675 |a Р2  |z rus 
700 1 |a Чепижный  |b А. К.  |g Александр Кузьмич  |4 070 
702 1 |a Волынский  |b К. П.  |4 080 
801 0 |a RU  |b RuMRKP  |c 19950417  |g psbo 
801 1 |a RU  |b 63413507  |c 20090128  |g PSBO 
801 2 |a RU  |b 63413507  |c 20140227  |g PSBO 
942 |c BK